000 00674nam a22001817a 4500
003 UA-OsUOA
001 19412
007 ta
008 20040815b un ||||| |||| 00| 0 ukr d
100 _aМартинюк С.
942 _cSA
040 _aUA-OsUOA
_cUA-OsUOA
_dUA-OsUOA
245 _aЗалишився живим у пам'яті : До 60-річчя загибелі генерала-хорунжого УПА - Л.В.Ступницького
_b[Похований у Дермані Здолбунів. р-ну]
300 _aС.2
955 _a0
773 0 _w0
_tНове життя
_dЗдолбунів
_d2004
_g№60/61/7 серп./
650 7 _aІсторія
_2UDC
999 _c305583
_d305583